[Event "79th ITA-ch 2019"]
[Site "Padova"]
[Date "2019.12.05"]
[Round "15"]
[White "Lodici, Lorenzo"]
[Black "Moroni, Luca Jr"]
[Result "1/2-1/2"]
[WhiteElo "2459"]
[BlackElo "2541"]
[Annotator "TA"]
[PlyCount "124"]
[EventDate "2019.11.24"]
[EventType "tourn"]
[EventCountry "ITA"]
[SourceTitle "playchess.com"]
[Source "ChessBase"]
[SourceQuality "1"]

{[%evp 11,124,23,26,23,25,15,22,4,25,0,22,26,31,34,62,29,67,39,49,56,62,16,36,47,47,34,48,44,49,0,8,0,0,0,0,0,0,0,0,0,0,0,31,12,24,26,25,8,28,2,22,0,18,19,14,6,45,18,51,0,23,0,81,76,237,238,191,221,237,115,125,126,248,91,331,280,237,185,179,173,378,378,468,465,436,212,59,59,59,0,0,0,1202,1172,584,0,0,0,0,0,0,0,0,0,0,0,0,0,0,0,0,0,0,0,0]} 1. e4 e5 2. Nf3 Nc6 3. Bc4 Bc5 4. O-O Nf6 5. d3 a6 6. c3 Ba7 7. a4 {C54: Giuoco Piano: 4 c3 Nf6, main lines with 5 d4 and 5 d3} d6 8. Re1 $146 (8. Nbd2 Ne7 9. Re1 Ng6 10. Nf1 O-O 11. Ng3 c6 12. Bb3 Re8 {½-½ (42) Giri,A (2797)-Mamedyarov,S (2790) Shamkir 2019}) 8... h6 9. Na3 O-O 10. h3 Kh8 11. Nc2 Ng8 12. d4 exd4 13. Ncxd4 Nxd4 14. Nxd4 Qf6 15. Be3 Ne7 16. Qh5 Bd7 17. Nf3 Bxe3 18. Rxe3 Ng6 19. e5 Qf4 20. Bd3 {[#] Hoping for g3.} (20. Bd5 {feels hotter.} c6 21. Bb3 Nxe5 22. Nxe5 dxe5 23. Rd1) 20... Nxe5 21. Nxe5 dxe5 22. Qxe5 Qxe5 23. Rxe5 Rfe8 24. Rxe8+ Rxe8 $11 {[%mdl 4096] Endgame KRB-KRB} 25. f3 a5 26. Kf2 Re6 27. Bf5 Rd6 28. Bxd7 Rxd7 {KR-KR} 29. Ke2 Re7+ 30. Kd2 Rd7+ 31. Ke2 Rd6 32. b4 Rg6 33. g4 Re6+ 34. Kd2 Rd6+ 35. Ke2 Re6+ 36. Kd2 Re5 (36... Rd6+ $11 37. Kc2 axb4) 37. Re1 Rd5+ $2 (37... Rxe1 $16 38. Kxe1 axb4 39. cxb4 Kg8) 38. Kc2 $18 axb4 39. cxb4 Rd7 40. Kc3 (40. Re8+ $18 {has better winning chances.} Kh7 41. a5) 40... Kh7 $16 41. a5 Kg6 {[#]} (41... c6 $16) 42. f4 $2 (42. b5 $1 $18 {and White stays clearly on top.}) 42... Rd6 $2 (42... c6 $16) 43. Re7 Rc6+ 44. Kd4 Kf6 45. Re8 Rd6+ $2 (45... Rc1 {was worth a try.}) 46. Kc4 $18 c6 47. Rb8 Rd7 48. b5 (48. Kc5 $142) 48... cxb5+ 49. Kxb5 {Threatens to win with Kb6.} g5 $1 {[%cal Rg5f4]} 50. fxg5+ (50. f5 $1 $14 h5 51. gxh5 Kxf5 52. Kb6) 50... Kxg5 $11 51. Kb6 Kh4 $2 {[%mdl 8192]} (51... Rd3 $11) 52. Rxb7 $18 Rd6+ 53. Kb5 $2 ({White must play} 53. Kc5 $18 Rd3 54. Rxf7 (54. a6 Rxh3 55. Kb4 Rh1 $16)) 53... Kxh3 $11 {The position is equal.} 54. Rxf7 {aiming for Rf4.} ({Much less strong is} 54. a6 $6 Rd8 $16) 54... Kxg4 55. Rh7 h5 56. a6 h4 57. a7 Rd8 58. Kb6 h3 59. Kb7 Kg3 60. a8=Q Rxa8 61. Kxa8 h2 62. Rxh2 Kxh2 {Accuracy: White = 39%, Black = 40%.} 1/2-1/2